00270nam a2200121Ia 4500008004100000041001200041082001100053100002100064245003000085250000900115260001600124650000800140221030s9999 xx 000 0 und d aEnglish a105.23 aRicha Mahajan/99 0aCustomer Support System a2005 aJammuc2005 aMCA